000 01965nam0a2200361 4500
001 RU\NLR\bibl\1802775
005 20260408044150.0
010 _a978-5-87978-662-0
_9500
021 _aRU
_b2011-56609
_94015
035 _a(nilc)RSL-KNO-004977728
035 _a(NLR Aleph) 001793429
090 _a1770271
_c1770271
100 _a20110725d2011 |||y0rusy50 ca
101 0 _arus
102 _aRU
105 _aa |||||||||
200 1 _aПедагогическая культурология: состояние, проблемы, перспективы
_eматериалы Всероссийской научно-практической конференции, посвященной двадцатилетию Кафедры культурологии и социально-экономических дисциплин БГПУ им. М. Акмуллы
210 _aУфа
_cИзд-во БГПУ
_d2011
215 _a171 с.
_cил.
_d20
300 _aВ надзаг.: М-во образования и науки РФ, Гос. образоват. учреждение высш. проф. образования "Башк. гос. пед. ун-т им. М. Акмулы", Социал.-гуманит. фак.
320 _aБиблиогр. в конце ст.
606 0 _aПедагогическая культурология
_jУчебные издания
_92182660
_3RU\NLR\auth\661312454
686 _aЧ30в2:Ч111я431(2)
_2rubbk
686 _aЧ33(2)я7
686 _aЧ30в2.я7
711 1 2 _a"Педагогическая культурология: состояние, проблемы, перспективы", всероссийская научно-практическая конференция
_f2010
_eУфа
_3RU\NLR\AUTH\8810192415
_9275004
801 0 _aRU
_bRuMoRKP
_c20110725
_grcr
801 1 _aRU
_bРГБ
_c20110725
801 2 _aRU
_bNLR
_c20110829
_grcr
942 _cBOOK
980 _aNB
980 _aNBR